000 00475nam a2200181Ia 4500
005 20250326125826.0
008 250326s9999 xx 000 0 und d
037 _aTextbook
040 _aFMSL
_beng
_cFMSL
041 _aeng
_2eng
084 _aX:8 N6
_qFMSL
100 _aBuffa D S
245 0 _aPersonnel management of people at work
_cBuffa D S
260 _aNY
_bNY, Macmillan
_c1966
300 _a632p
942 _cTB
_hX:8 N6
999 _c1279749
_d1279749